000 00396nam a2200109 4500
082 _aHEW
100 _aHewlet-Packard Company
245 _aA Beginner's Guide to Using Starbase: HP 9000 Series 300/800 Computers
260 _aUSA:
_bHewlet-Packard Company,
_c1989.
856 _uhttp://books.google.com.pk/books/about/A_Beginner_s_Guide_to_Using_Starbase.html?id=5CnptgAACAAJ&redir_esc=y
942 _cBK
999 _c9222
_d9222